| 000 | 00883nam a2200217 a 4500 | ||
|---|---|---|---|
| 008 | 120416s1979 ||||||||||||||||| || u | ||
| 020 | _a0891581855 | ||
| 050 | _aHD 9000.5 Sch | ||
| 100 | _aSchmitt, Bernard A., 1948- | ||
| 245 | 1 | 0 | _aProtein, calories, and development |
| 246 | _anutritional variables in the economics of developing countries | ||
| 260 |
_aBoulder, [Colorado] _bWestview Press _c1979 |
||
| 300 | _axxi, 224 p. | ||
| 350 | _a0.00 | ||
| 490 | _aWestview special studies in social, political, and economic development | ||
| 500 | _aBased on the author's thesis. -Includes index. -Bibliography: p. 213-220. | ||
| 650 | _aFOOD | ||
| 650 | 0 | _aNUTRITION--DEVELOPING COUNTRIES | |
| 650 | 0 | _aFOOD SUPPLY | |
| 995 |
_D0.00 _FCBU-MAIN LIBRARY (Kitwe) _H1 _I0.00 _M1 _UAVAILABLE _ZAnnex Low-Usage Collection |
||
| 999 |
_c55189 _d55189 |
||